000 00455nam a2200157Ia 4500
008 230312s9999||||xx |||||||||||||| ||und||
020 _a0-7494-4445-2
082 _a332.10688
_bCHE
100 _aChe
245 0 _aKey Account Management In Financial Services
260 _bKogan Page
_aIndia
_c2005
300 _a330
546 _aEng.
650 _aEconomics
_vwhy financial services are special , what is a ke account in financial services
942 _cBK
999 _c2324
_d2324